000 00418nam a22001697a 4500
999 _c258482
_d258481
003 OSt
005 20200616105946.0
008 200616b xxu||||| |||| 00| 0 eng d
020 _a0321087682
040 _cn/a
050 _aPN6014.L582001
100 _aX.J. Kennedy & Dana Gioia
245 _aLiterature : An introduction to Fiction, Poetry and Drama
250 _a8th ed.
260 _c2001
942 _2lcc
_cBK